000 00461nam a22001697a 4500
005 20251108173026.0
008 250721s9999 xx 000 0 ara d
082 1 4 _a155.23 /بدر
100 1 _aبدران، عمروحسن احمد
245 1 0 _aالشخصية الضاحكة /
264 1 _aالمنصورة :
_bمكتبة الأيمان،
300 _a80 ص
650 1 7 _aالشخصية
650 1 7 _aالضحك
942 _2ddc
_cBK
999 _c94315
_d94315